| 000 | 00700nam a22001817a 4500 | ||
|---|---|---|---|
| 003 | CEME | ||
| 005 | 20210628202735.0 | ||
| 008 | 210115b xxu||||| |||| 00| 0 eng d | ||
| 020 | _a0-7656-0050-1 | ||
| 040 | _cceme | ||
| 082 | _a658.2 PIP | ||
| 100 |
_aPiper, James E _961365 |
||
| 245 | _aOperations and maintenance manual for energy management | ||
| 260 |
_aUSA _bSHARPE PROFESSIONAL _c1999 |
||
| 300 | _aXXIII,344 P | ||
| 650 |
_aBUILDINGS-ENERGY CONSERVATION -HANDBOOK MANUALS ETC.BUILDINGS- ENERGY CONSUMPTION-HANDBOOKS MANUALS ETC. BUILDINGS-MECHANICAL EQUIPMENT- MAINTENANCE AND REPAIR-HANDBOOKS MANUALS ETC.OPERATIONS AND MAINTENANCE MANUAL.ENERGY MANAGEMENT _961366 |
||
| 942 |
_cBK _2ddc |
||
| 999 |
_c570844 _d570844 |
||